=LDR 00000nam 2200000 4500 =001 INLIS000000000026952 =005 20130612125349 =008 ***********************************Ind** =035 ##$$0010-061300000026952 =041 ##$$a Ind =082 ##$$a R.340.03 =090 ##$$a R.340.03, Sum k =100 ##$$a Simorangkir, J.E.T =245 ##$$a Kamus hukum, J.E.T Simorangkir, Rudy T. Erwin, J.T Prasetyo =260 ##$$a 2006 $b Jakarta =300 ##$$a vi, 193 hlm, 20 cm =650 ##$$a Hukum, Kamus =700 ##$$a Erwin, Rudy T =850 ##$$a NBPNMAT